El mundo antiguo (notice nᵒ 2509)
[ vue normale ]
| 000 -Sello discográfico | |
|---|---|
| campo de control de longitud fija | 01186nam a2200313 4500 |
| 005 - Identificación de versión | |
| campo de control | 20251016083329.0 |
| 035 ## - Otros números de control del sistema | |
| Número de control del sistema | 23378 |
| 099 ## - fechas locales | |
| Tipo de ítem Koha | LIBRO |
| 100 ## - Datos de procesamiento general | |
| Datos de procesamiento general | 19980108d1976 m y1spay5003 ba |
| 105 ## - Campo de datos codificados: Material textual, monográfico | |
| Datos codificados de monografía | a 001zy |
| 200 1# - Título y mención de responsabilidad | |
| Título propio | El mundo antiguo |
| Designación general del material | texto impreso |
| Primer mención de responsabilidad | Selección, introducción y notas José Luis Martínez |
| 210 ## - Publicación, distribución, etc. | |
| Lugar de publicación, distribución, etc. | México |
| Nombre del editor, distribuidor, etc. | Secretaría de Educación Pública |
| Fecha de publicación, distribución, etc. | 1976 |
| 215 ## - Descripción física | |
| Designación de material específico y extensión del ítem | 6 v |
| Otras características físicas | il., fot. |
| Dimensiones | 22 cm |
| 300 ## - Notas generales | |
| Texto de la nota | La biblioteca cuenta únicamente con el v.6 |
| 327 ## - Nota de contenidos | |
| Texto de la nota | v. 1. Mesopotamia Egipto India -- v. 2. Grecia -- v. 3. Hebreos y cristianos Roma -- v. 4. China Japón -- v. 5. Persia Islam -- v. 6. América antigua: Nahuas Mayas Quechuas Otras culturas |
| 345 ## - Nota de información de adquisición | |
| Fuente de adquisición/dirección de la suscripción [OBSOLETO] | Donación |
| 410 #1 - Series | |
| Título | Panorama Cultural |
| Nombre de parte o sección | SEP/Documentos |
| 606 ## - Término temático usado como materia | |
| Elemento de entrada | Civilización antigua |
| Subdivisión temática | Historia |
| -- | Fuentes |
| Número Koha | 5748 |
| 606 ## - Término temático usado como materia | |
| Elemento de entrada | Historia antigua |
| Número Koha | 5749 |
| 660 ## - Código de área geográfica | |
| Código | MX |
| 702 ## - Nombre personal - Responsabilidad secundaria | |
| Elemento de entrada | Martínez Rodríguez |
| Parte del nombre distinta del elemento de entrada | José Luis |
| Fechas | 1918-2007 |
| Número Koha | 2381 |
| 801 #0 - Fuente de origen | |
| Agencia | cm |
| 900 ## - | |
| -- | 1/15348 |
| 900 ## - | |
| -- | 710986915\\080198 |
| 942 ## - ELEMENTOS DE ENTRADA SECUNDARIOS (KOHA) | |
| Tipo de ítem Koha | Livre |
| 996 ## - | |
| -- | MEX |
| -- | 751145101 |
| -- | MMAG |
| -- | 009725 |
| -- | 930 M965 V.6 |
| -- | 20240221LIV |
| Estatus retirado | Estado de daño | Estado de pérdida | Fecha de adquisición | Biblioteca de origen | Biblioteca actual | Ubicación en estantería | Código de barras | Precio de reemplazo | Signatura topográfica completa | No para préstamo | Tipo de ítem Koha | Nota pública | Nota no pública |
|---|---|---|---|---|---|---|---|---|---|---|---|---|---|
| 05/08/2025 | Casa México Paris | Casa México Paris | 009725 | 05/08/2025 | 930 M965 V.6 | Livre | 20240221LIV | 751145101 |